| 000 | 01764nam a2200481 i 4500 | ||
|---|---|---|---|
| 999 |
_c19 _d19 |
||
| 001 | 020514537 | ||
| 003 | UkOxU | ||
| 005 | 20190829163148.0 | ||
| 008 | 151022s2015 enk 000|f|eng|d | ||
| 015 |
_aGBB5F6546 _2bnb |
||
| 020 |
_a9780008158613 _qset |
||
| 020 | _a9780007527526 | ||
| 035 | _a(Uk)017601319 | ||
| 035 | _a(StEdALDL)1/3373775 | ||
| 040 |
_aStDuBDS _beng _erda _cStDuBDS _dUkOxU |
||
| 049 | _aCROBAR | ||
| 082 | 0 | 4 |
_aFIC CHR _223 |
| 100 | 1 |
_aChristie, Agatha, _d1890-1976, _eauthor. |
|
| 240 | 1 | 0 |
_aNovels. _kSelections |
| 245 | 1 | 4 |
_aThe murder of Roger Ackroyd _cAgatha Christie |
| 264 | 1 |
_aLondon : _bHarperCollinsPublishers, _c2015. |
|
| 300 |
_a3 volumes ; 304 p. _c20 cm |
||
| 336 |
_atext _2rdacontent |
||
| 337 |
_aunmediated _2rdamedia |
||
| 338 |
_avolume _2rdacarrier |
||
| 440 | _aHercule Poirot Mystery | ||
| 490 | _aThe world's favourite Agatha Christie. | ||
| 500 | _aIn slip case. | ||
| 505 | 0 | _aAnd then there were none (2015, originally published 1939) -- Murder on the Orient Express (2013, originally published 1934) -- The murder of Roger Ackroyd (2013, originally published 1926). | |
| 600 | 1 | 0 |
_aPoirot, Hercule _c(Fictitious character) _vFiction. |
| 650 | 0 |
_aPrivate investigators _zBelgium _vFiction. |
|
| 650 | 0 | _aDetective and mystery stories, English. | |
| 700 | 1 | 2 |
_aChristie, Agatha, _d1890-1976. _tAnd then there were none. |
| 700 | 1 | 2 |
_aChristie, Agatha, _d1890-1976. _tMurder on the Orient Express. |
| 700 | 1 | 2 |
_aChristie, Agatha, _d1890-1976. _tMurder of Roger Ackroyd. |
| 942 |
_2ddc _cFIC |
||
| 980 |
_g1 _f1/3373775 |
||
| 981 | _dAgency file oxf2016-07.1 | ||